000 00221nam a2200097Ia 4500
008 120527s9999 xx 000 0 und d
100 _aDINGES and FRANKS
245 _aLanguage Lab Marval
260 _bThanson
942 _cBK
999 _c25437
_d25437